[Event "Ivrea Autumn Cup 23rd"]
[Site "Ivrea"]
[Date "2012.11.15"]
[Round "7"]
[White "Papalini, Claudio"]
[Black "Bozza, Alberto"]
[Result "1/2-1/2"]
[WhiteElo "1608"]
[BlackElo "1568"]
[PlyCount "68"]
[EventDate "2012.09.22"]
[EventType "swiss"]
[EventRounds "9"]
[EventCountry "ITA"]
[SourceTitle "EXT 2014"]
[Source "ChessBase"]
[SourceDate "2013.11.20"]
[SourceVersion "1"]
[SourceVersionDate "2013.11.20"]
[SourceQuality "1"]

1. d4 Nf6 2. Nf3 e6 3. e3 d5 4. Bd3 c5 5. c3 Nc6 6. 0-0 Bd6 7. Nbd2 0-0 8. Re1 Qc7 9. e4 dxe4 10. Nxe4 Nxe4 11. Bxe4 Rd8 12. Be3 cxd4 13. cxd4 Bd7 14. Rc1 Rac8 15. a3 Qb8 16. Qd3 f5 17. Bxc6 Bxc6 18. Bg5 Be4 19. Qb3 Bd5 20. Qe3 Rxc1 21. Rxc1 Rf8 22. Ne5 Bxe5 23. dxe5 h6 24. Be7 Re8 25. Bd6 Qd8 26. Rc7 Qh4 27. Qg3 Qxg3 28. hxg3 a5 29. f4 Kh7 30. Rf7 Kg8 31. Rc7 a4 32. Kf2 h5 33. Rc3 Ra8 34. Rc7 Re8 1/2-1/2

[Event "Ivrea Autumn Cup 23rd"]
[Site "Ivrea"]
[Date "2012.10.13"]
[Round "4"]
[White "Gennaro, Isabella"]
[Black "Papalini, Claudio"]
[Result "1-0"]
[WhiteElo "1651"]
[BlackElo "1608"]
[PlyCount "57"]
[EventDate "2012.09.22"]
[EventType "swiss"]
[EventRounds "9"]
[EventCountry "ITA"]
[SourceTitle "EXT 2014"]
[Source "ChessBase"]
[SourceDate "2013.11.20"]
[SourceVersion "1"]
[SourceVersionDate "2013.11.20"]
[SourceQuality "1"]

1. e4 e6 2. d4 d5 3. Nd2 dxe4 4. Nxe4 Bd7 5. Nf3 Bc6 6. Bd3 Nd7 7. 0-0 Ngf6 8. Re1 Bxe4 9. Bxe4 Nxe4 10. Rxe4 Be7 11. Bf4 c6 12. c3 0-0 13. Qd2 Nf6 14. Re2 Nd5 15. Rae1 Nxf4 16. Qxf4 Bd6 17. Qg4 Qf6 18. Ng5 Qf4 19. Qh5 h6 20. Ne4 Be7 21. g3 Qc7 22. f4 Rfe8 23. g4 Rad8 24. g5 Rd5 25. c4 Rf5 26. Ng3 Qxf4 27. Nxf5 Qxg5+ 28. Qxg5 Bxg5 29. Nd6 1-0

[Event "Piverone op 1st"]
[Site "Piverone"]
[Date "2012.03.11"]
[Round "5"]
[White "Gaidano, Domenico"]
[Black "Papalini, Claudio"]
[Result "1-0"]
[WhiteElo "1562"]
[BlackElo "1634"]
[PlyCount "103"]
[EventDate "2012.03.09"]
[EventType "swiss"]
[EventRounds "5"]
[EventCountry "ITA"]
[SourceTitle "EXT 2014"]
[Source "ChessBase"]
[SourceDate "2013.11.20"]
[SourceVersion "1"]
[SourceVersionDate "2013.11.20"]
[SourceQuality "1"]

1. e4 e6 2. d3 d5 3. Nd2 Nc6 4. Ngf3 Nf6 5. Qe2 Be7 6. g3 d4 7. e5 Nd5 8. Nb3 Nb6 9. Bg2 0-0 10. 0-0 a5 11. a4 Qd7 12. Ng5 Bxg5 13. Bxg5 h6 14. Bf4 Qd8 15. Qg4 f5 16. Qd1 Nb4 17. Nc5 N4d5 18. Bd2 Qe7 19. Nb3 Bd7 20. Nxd4 Nxa4 21. Qc1 b6 22. c4 Nb4 23. Bxa8 Rxa8 24. Bxb4 Qxb4 25. Rb1 Nc5 26. Qd1 Nb7 27. Qf3 Rb8 28. Nc6 Bxc6 29. Qxc6 Qe7 30. d4 Nd8 31. Qb5 c6 32. Qb3 Qd7 33. Rfd1 b5 34. Ra1 a4 35. Rxa4 Qc7 36. Ra2 Qb6 37. c5 Qc7 38. Rda1 Kf7 39. Qd1 g6 40. g4 Kg7 41. gxf5 gxf5 42. Kh1 Kh7 43. Qf3 Qd7 44. Rd1 Nf7 45. h4 Nh8 46. Ra3 Ng6 47. Rad3 Ne7 48. Rg1 Ng6 49. h5 Ne7 50. Rdd1 Ra8 51. Rg2 Ra4 52. Qg3 1-0

[Event "Piverone op 1st"]
[Site "Piverone"]
[Date "2012.03.10"]
[Round "3"]
[White "Arruzza, Francesco"]
[Black "Papalini, Claudio"]
[Result "1-0"]
[WhiteElo "1830"]
[BlackElo "1634"]
[PlyCount "87"]
[EventDate "2012.03.09"]
[EventType "swiss"]
[EventRounds "5"]
[EventCountry "ITA"]
[SourceTitle "EXT 2014"]
[Source "ChessBase"]
[SourceDate "2013.11.20"]
[SourceVersion "1"]
[SourceVersionDate "2013.11.20"]
[SourceQuality "1"]

1. e4 e6 2. Nf3 d5 3. exd5 exd5 4. d4 Nf6 5. Bd3 Be7 6. 0-0 0-0 7. Bg5 Bg4 8. Nbd2 Nbd7 9. c3 c6 10. Qc2 Bxf3 11. Nxf3 h6 12. Bh4 c5 13. Rfe1 Re8 14. Bb5 a6 15. Bxd7 Nxd7 16. Bg3 Nf6 17. Re2 cxd4 18. Nxd4 Bd6 19. Rxe8+ Nxe8 20. Qf5 Bxg3 21. hxg3 Nf6 22. Re1 Qd6 23. Qe5 Qxe5 24. Rxe5 Kf8 25. f3 Rd8 26. Kf2 Rd7 27. Nf5 Ne8 28. Ke2 Nc7 29. Kd3 f6 30. Re3 b6 31. Nd4 Rd6 32. f4 Kf7 33. g4 g6 34. f5 g5 35. Re1 Rd7 36. Rh1 Kg7 37. Ne6+ Nxe6 38. fxe6 Re7 39. Re1 Kg6 40. Kd4 f5 41. gxf5+ Kxf5 42. Kxd5 h5 43. Kd6 Ra7 44. e7 1-0

[Event "Piverone op 1st"]
[Site "Piverone"]
[Date "2012.03.10"]
[Round "2"]
[White "Papalini, Claudio"]
[Black "Bozio, Stefano"]
[Result "1-0"]
[WhiteElo "1634"]
[BlackElo "1500"]
[PlyCount "109"]
[EventDate "2012.03.09"]
[EventType "swiss"]
[EventRounds "5"]
[EventCountry "ITA"]
[SourceTitle "EXT 2014"]
[Source "ChessBase"]
[SourceDate "2013.11.20"]
[SourceVersion "1"]
[SourceVersionDate "2013.11.20"]
[SourceQuality "1"]

1. d4 Nf6 2. Bf4 g6 3. e3 Bg7 4. h3 0-0 5. Be2 d6 6. Nf3 Nbd7 7. 0-0 b6 8. Nbd2 Bb7 9. c4 Re8 10. Qc2 e5 11. dxe5 Nxe5 12. Bh2 Qd7 13. Rad1 Qe7 14. b3 Nxf3+ 15. Bxf3 Bxf3 16. Nxf3 Qe4 17. Qd2 Qb7 18. Qd3 Qe4 19. Qd4 Qc6 20. Qd3 Qe4 21. Ne1 Qxd3 22. Nxd3 Ne4 23. Nb4 Nc3 24. Rd2 Ne4 25. Rd3 Nc3 26. Rxc3 Bxc3 27. Nd5 Be5 28. Nxc7 Bxh2+ 29. Kxh2 Red8 30. Nxa8 Rxa8 31. Rd1 Rd8 32. e4 Kf8 33. f4 Ke7 34. Kg3 Rc8 35. Rd4 Rc5 36. Rd5 Rxd5 37. exd5 Kf6 38. Kf3 Kf5 39. a4 Kf6 40. Ke4 h6 41. h4 g5 42. fxg5+ hxg5 43. h5 a6 44. g3 a5 45. g4 Kg7 46. Kf5 f6 47. h6+ Kxh6 48. Kxf6 Kh7 49. Kxg5 Kg7 50. Kf5 Kf7 51. g5 Kg7 52. g6 Kf8 53. Kf6 Kg8 54. g7 Kh7 55. Kf7 1-0

[Event "Ivrea Autumn 22th"]
[Site "Ivrea"]
[Date "2011.10.31"]
[Round "6"]
[White "Castaldo, Antonio"]
[Black "Papalini, Claudio"]
[Result "1-0"]
[WhiteElo "1693"]
[BlackElo "1684"]
[PlyCount "89"]
[EventDate "2011.09.??"]
[EventType "swiss"]
[EventRounds "8"]
[EventCountry "ITA"]
[SourceTitle "EXT 2024"]
[Source "ChessBase"]
[SourceDate "2023.10.10"]
[SourceVersion "1"]
[SourceVersionDate "2023.10.10"]
[SourceQuality "1"]

1. Nf3 d5 2. g3 e6 3. Bg2 Nf6 4. 0-0 c6 5. d3 Be7 6. Bg5 0-0 7. Nbd2 Nbd7 8. e4 dxe4 9. dxe4 e5 10. c3 Qc7 11. Qc2 h6 12. Bxf6 Bxf6 13. Kh1 Nb6 14. Rad1 Bg4 15. h3 Bxf3 16. Nxf3 Rfd8 17. b3 Rxd1 18. Rxd1 Rd8 19. Rd3 Rxd3 20. Qxd3 Qd7 21. Ne1 Be7 22. Kg1 Qxd3 23. Nxd3 f6 24. f4 exf4 25. gxf4 Nd7 26. Kf2 Kf7 27. Ke3 Ke6 28. Bf3 Kd6 29. f5 Kc7 30. Nf4 Kd6 31. Ne6 Bf8 32. Nd8 Kc7 33. Ne6+ Kd6 34. Kd4 c5+ 35. Ke3 b6 36. Bh5 Ke5 37. Be8 Kd6 38. Bxd7 Kxd7 39. Nxf8+ Ke7 40. Ng6+ Kd6 41. c4 a6 42. Kf4 b5 43. e5+ fxe5+ 44. Nxe5 Ke7 45. Nc6+ 1-0

[Event "Ivrea Autumn 21st"]
[Site "Ivrea"]
[Date "2010.11.06"]
[Round "6"]
[White "Renzini, Lorenzo"]
[Black "Papalini, Claudio"]
[Result "1-0"]
[WhiteElo "1751"]
[BlackElo "1718"]
[PlyCount "89"]
[EventDate "2010.10.07"]
[EventType "swiss"]
[EventRounds "9"]
[EventCountry "ITA"]
[SourceTitle "EXT 2024"]
[Source "ChessBase"]
[SourceDate "2023.10.10"]
[SourceVersion "1"]
[SourceVersionDate "2023.10.10"]
[SourceQuality "1"]

1. c4 e6 2. Nf3 d5 3. cxd5 exd5 4. d4 c6 5. g3 Bd6 6. Bg2 Bg4 7. 0-0 Ne7 8. b3 0-0 9. Ba3 Bxa3 10. Nxa3 Qd7 11. Ne5 Qc8 12. Rc1 Bh3 13. e3 Bxg2 14. Kxg2 Qe6 15. Nc2 Nd7 16. Nf3 Nf6 17. Nb4 Rfc8 18. Nd3 Nd7 19. Ng5 Qg6 20. h4 h6 21. Nf4 Qf5 22. Nf3 Ng6 23. Nxg6 Qxg6 24. Qc2 Qxc2 25. Rxc2 Re8 26. b4 Rac8 27. Rfc1 Nb6 28. Nd2 a6 29. Re1 f5 30. Kf3 Kf7 31. g4 g6 32. gxf5 gxf5 33. Rg1 Kf6 34. Rcc1 Rg8 35. Nb3 Rg7 36. Rxg7 Kxg7 37. Rg1+ Kf6 38. h5 Rh8 39. Kf4 Rh7 40. Rg6+ Ke7 41. Nc5 Nc4 42. Re6+ Kf8 43. Kxf5 Nd2 44. Kg6 Rh8 45. Nd7+ 1-0

[Event "Ivrea Eporediese op 26th"]
[Site "Ivrea"]
[Date "2009.03.05"]
[Round "8"]
[White "Picco, Pietro"]
[Black "Papalini, Claudio"]
[Result "0-1"]
[WhiteElo "1293"]
[BlackElo "1604"]
[PlyCount "100"]
[EventDate "2009.01.15"]
[EventType "swiss"]
[EventRounds "9"]
[EventCountry "ITA"]
[SourceTitle "EXT 2011"]
[Source "ChessBase"]
[SourceDate "2010.11.26"]
[SourceVersion "1"]
[SourceVersionDate "2010.11.26"]
[SourceQuality "1"]

1. e4 e6 2. d4 d5 3. Nc3 Bb4 4. Bd3 c5 5. Nf3 dxe4 6. Bxe4 cxd4 7. Qxd4 Qxd4 8. Nxd4 Nf6 9. Bf3 0-0 10. 0-0 Bxc3 11. bxc3 Nbd7 12. Nb5 Ne8 13. Ba3 a6 14. Bxf8 Kxf8 15. Nd4 Nc5 16. a4 Nd6 17. Nb3 Nce4 18. Rfd1 Ke7 19. Rd3 Nf6 20. Rad1 Nfe8 21. Nc5 Rb8 22. Ne4 Nxe4 23. Bxe4 Nf6 24. Bf3 Bd7 25. Rd4 h6 26. g3 Bc6 27. Bxc6 bxc6 28. Rb4 Rxb4 29. cxb4 Nd5 30. b5 cxb5 31. axb5 axb5 32. Ra1 Kf6 33. Kf1 Ke5 34. Ke2 Kd4 35. Kd2 Nc3 36. Ra3 Nb1+ 37. Kc1 Nxa3 38. Kb2 Nc4+ 39. Kb3 e5 40. Kb4 f5 41. Kxb5 g5 42. Kb4 f4 43. c3+ Kd3 44. gxf4 gxf4 45. f3 Nd2 46. h4 e4 47. fxe4 Nxe4 48. c4 f3 49. c5 Nxc5 50. Kxc5 f2 0-1

[Event "Ivrea Eporediese op 26th"]
[Site "Ivrea"]
[Date "2009.02.19"]
[Round "6"]
[White "Giunto, Andrea"]
[Black "Papalini, Claudio"]
[Result "1-0"]
[WhiteElo "1731"]
[BlackElo "1604"]
[PlyCount "77"]
[EventDate "2009.01.15"]
[EventType "swiss"]
[EventRounds "9"]
[EventCountry "ITA"]
[SourceTitle "EXT 2011"]
[Source "ChessBase"]
[SourceDate "2010.11.26"]
[SourceVersion "1"]
[SourceVersionDate "2010.11.26"]
[SourceQuality "1"]

1. e4 e6 2. d4 d5 3. e5 c5 4. c3 Qb6 5. Nf3 Nc6 6. Bd3 Bd7 7. Bc2 cxd4 8. cxd4 Bb4+ 9. Nc3 Nge7 10. 0-0 0-0 11. a3 Bxc3 12. bxc3 Na5 13. Bd3 Nc4 14. Nd2 Rac8 15. Nxc4 dxc4 16. Be4 Bc6 17. Re1 Bxe4 18. Rxe4 Ng6 19. Rg4 Rfd8 20. Qf3 Nxe5 21. dxe5 Rd3 22. Be3 Qb3 23. h4 Qxc3 24. Rc1 Qxe5 25. Qxb7 Rcd8 26. Rf4 R3d7 27. Qe4 Qa5 28. Qxc4 h6 29. Rg4 h5 30. Rg5 Rd5 31. Qe4 Rxg5 32. Bxg5 Rb8 33. Be7 Qd2 34. Qc2 Qd7 35. Qc7 Qb5 36. Qxa7 Rb7 37. Qc5 Qb3 38. Qxh5 Rxe7 39. Rc8+ 1-0

[Event "Ivrea Eporediese op 26th"]
[Site "Ivrea"]
[Date "2009.02.12"]
[Round "5"]
[White "Papalini, Claudio"]
[Black "Bosticardo, Tommaso"]
[Result "1-0"]
[WhiteElo "1604"]
[BlackElo "1464"]
[PlyCount "59"]
[EventDate "2009.01.15"]
[EventType "swiss"]
[EventRounds "9"]
[EventCountry "ITA"]
[SourceTitle "EXT 2011"]
[Source "ChessBase"]
[SourceDate "2010.11.26"]
[SourceVersion "1"]
[SourceVersionDate "2010.11.26"]
[SourceQuality "1"]

1. d4 Nf6 2. Nf3 g6 3. Nbd2 Bg7 4. e4 d6 5. Bd3 0-0 6. 0-0 Nbd7 7. c3 e5 8. Re1 a6 9. a4 Qe7 10. d5 c6 11. c4 Nc5 12. Bc2 Qc7 13. b4 Ncd7 14. Nb3 cxd5 15. cxd5 Qb6 16. Bd2 Ng4 17. Qe2 Qc7 18. Bd3 Ndf6 19. Rec1 Qd8 20. Rc2 Qe7 21. Rac1 Rd8 22. Na5 Ne8 23. Be3 Kh8 24. Nc4 Nef6 25. Nb6 Rb8 26. Nxc8 Rbxc8 27. Rxc8 Rxc8 28. Rxc8+ Bf8 29. Qc2 Qd7 30. Bb6 1-0

[Event "Ivrea Eporediese op 26th"]
[Site "Ivrea"]
[Date "2009.01.15"]
[Round "1"]
[White "Bruno, Fabrizio"]
[Black "Papalini, Claudio"]
[Result "1-0"]
[WhiteElo "1948"]
[BlackElo "1604"]
[PlyCount "71"]
[EventDate "2009.01.15"]
[EventType "swiss"]
[EventRounds "9"]
[EventCountry "ITA"]
[SourceTitle "EXT 2011"]
[Source "ChessBase"]
[SourceDate "2010.11.26"]
[SourceVersion "1"]
[SourceVersionDate "2010.11.26"]
[SourceQuality "1"]

1. e4 e6 2. d4 d5 3. e5 c5 4. c3 Qb6 5. Nf3 Bd7 6. Bd3 Nc6 7. 0-0 cxd4 8. cxd4 Nxd4 9. Nxd4 Qxd4 10. Qe2 a6 11. Nc3 Qa7 12. Kh1 b5 13. a3 Bc5 14. f4 Ne7 15. Qg4 g6 16. Qh4 0-0-0 17. b4 Nf5 18. Bxf5 Bd4 19. Bb2 Bxc3 20. Bxc3 gxf5 21. Rfd1 Kb8 22. Bd4 Qb7 23. Rac1 Rc8 24. Rc5 Bc6 25. Rdc1 Qd7 26. Qf2 Rhg8 27. R1c3 Kb7 28. h3 Qe7 29. Qc2 Qd7 30. Kh2 h6 31. g3 h5 32. h4 Rc7 33. Qd2 Rcc8 34. Bf2 Qe7 35. Qd4 Rc7 36. Rxc6 1-0